000
00340nam a2200157Ia 4500
100
_a
G.V.Kumbhojkar
650
_a
Mathematics
250
_a
2
942
_c
BK
366
_f
15
245
_a
Appkied Mathematics III- Production
260
_b
C.Jamnadas & Co
_c
2014
082
_a
511
_b
KUM
546
_a
ENGLISH
_c
production
999
_c
34200
_d
34200